000 00645nam a2200193 i 4500
001 62260
003 ES-MaACL
005 20250907063045.0
007 t|
008 031119s1960 cu ||||1| spa d
100 1 _aFeijóo, Samuel,
_d1914-1992
_949109
245 1 0 _aDiario abierto
_b: temas folklóricos cubanos /
_cpor Samuel Feijoo.
260 _aLa Habana :
_bUniversidad de las Villas,
_c1960.
300 _a303 p. ;
_c21 cm.
500 _aPrecede al tít.: Dirección de Investigaciones Folklóricas.
710 2 _aUniversidad Central de Las Villas.
_97082
852 _aES-MaACL
_jC-17981
_bR.45718
999 _c62260
_d62260